000 00701nam a2200265Ia 4500
005 20260121173431.0
008 008 260114s9999 xx 000 0 eng d
020 _a9783031043253
037 _aEBOOK
040 _aCRL
040 _beng
040 _cCRL
041 _2eng
041 _aeng
084 _qCRL
100 _aKemi Ogunyemi, Isaiah Adisa, Robert E. Hinson
_91100816
245 0 _aEthics and Accountable Governance in Africa's Public Sector, Volume II
260 _bSpringer
260 _bSpringer
260 _c2022
856 _uhttps://link.springer.com/openurl?genre=book&isbn=978-3-031-04325-3
942 _cEBOOK
999 _c1666561
_d1666561